Statistics for Top 10 Cigarette Smoking Countries

Click here to take the quiz!

General Stats

  • This quiz has been taken 260 times
  • The average score is 4 of 10

Answer Stats

HintAnswer% Correct
48.3% of adultsRussia
90%
43.3% of adultsUkraine
66%
51.7% of all adultsGreece
57%
42.4% of adultsBelarus
54%
42.3% of adultsSerbia
49%
42.2% of adultsBosnia and Herzegovina
37%
43.3% of adultsAustria
26%
58.6% of adult malesNorth Korea
12%
49.3% of adultsNauru
6%
40.9% of adultsSamoa
4%

Score Distribution

Percentile by Number Answered

Percent of People with Each Score

Your Score History

You have not taken this quiz